<?xml version="1.0" encoding="UTF-8"?><?xml-stylesheet type="text/xsl" href="static/style.xsl"?><OAI-PMH xmlns="http://www.openarchives.org/OAI/2.0/" xmlns:xsi="http://www.w3.org/2001/XMLSchema-instance" xsi:schemaLocation="http://www.openarchives.org/OAI/2.0/ http://www.openarchives.org/OAI/2.0/OAI-PMH.xsd"><responseDate>2026-06-06T17:53:22Z</responseDate><request verb="GetRecord" identifier="oai:riuma.uma.es:10630/41404" metadataPrefix="marc">https://riuma.uma.es/rest/oai/request</request><GetRecord><record><header><identifier>oai:riuma.uma.es:10630/41404</identifier><datestamp>2026-02-03T11:20:31Z</datestamp><setSpec>com_10630_2254</setSpec><setSpec>col_10630_37953</setSpec></header><metadata><record xmlns="http://www.loc.gov/MARC21/slim" xmlns:dcterms="http://purl.org/dc/terms/" xmlns:doc="http://www.lyncode.com/xoai" xmlns:xsi="http://www.w3.org/2001/XMLSchema-instance" xsi:schemaLocation="http://www.loc.gov/MARC21/slim http://www.loc.gov/standards/marcxml/schema/MARC21slim.xsd">
   <leader>00925njm 22002777a 4500</leader>
   <datafield ind2=" " ind1=" " tag="042">
      <subfield code="a">dc</subfield>
   </datafield>
   <datafield ind2=" " ind1=" " tag="720">
      <subfield code="a">Haro-González, Salvador</subfield>
      <subfield code="e">author</subfield>
   </datafield>
   <datafield ind2=" " ind1=" " tag="260">
      <subfield code="c">2021</subfield>
   </datafield>
   <datafield ind2=" " ind1=" " tag="520">
      <subfield code="a">Since the 1960s, artists’ books have become an essential form of contemporary art.&#xd;
In this context, artists have also used their exhibition catalogs as forms of artistic expression. Within this framework of creative practices, this article delves into the characteristics that could lead to the definition of artists’ catalogs as a specific artistic genre. The concepts of artists’ books and exhibition catalogs are compared to discuss the ambiguities and blurred lines that make a precise delimitation difficult. The combination of both typologies is analyzed through a series of works by artists in the field of catalogs as works of art. Despite the great variability that emerges from the different perspectives through which artists’ catalogs have been conceived and produced, some common features come to light. These common features, as well as an examination of the functions and uses associated with artists’ catalogs, pave the way for answering the crucial questions as to whether these publications—as the works of art they are—are still catalogs and if they might even be considered as a differentiated genre of artists’ books.</subfield>
   </datafield>
   <datafield ind1="8" ind2=" " tag="024">
      <subfield code="a">Haro González, Salvador. "Artists’ Catalogs: An Approach to the Foundations of an Artistic Genre", Art Documentation: Journal of the Art Libraries Society of North America, volume 40, issue 2, fall 2021. © 2021 The Art Libraries Society of North America. All rights reserved. Published by The University of Chicago Press for the Art Libraries Society of North America. https://doi.org/10.1086/717514</subfield>
   </datafield>
   <datafield ind1="8" ind2=" " tag="024">
      <subfield code="a">https://hdl.handle.net/10630/41404</subfield>
   </datafield>
   <datafield ind1="8" ind2=" " tag="024">
      <subfield code="a">10.1086/717514</subfield>
   </datafield>
   <datafield tag="653" ind2=" " ind1=" ">
      <subfield code="a">Catálogos de exposiciones</subfield>
   </datafield>
   <datafield tag="653" ind2=" " ind1=" ">
      <subfield code="a">Artistas</subfield>
   </datafield>
   <datafield ind2="0" ind1="0" tag="245">
      <subfield code="a">Artists’ Catalogs: An Approach to the Foundations of an Artistic Genre.</subfield>
   </datafield>
</record>
</metadata></record></GetRecord></OAI-PMH>